000 01572nam a2200445 4500
999 _c24094
_d24094
001 vtls012251229
005 20251215131853.0
008 240223s2023 xo e n 010 f slo
020 _a9788022214551
_q(viazané)
040 _aSNK
_bslo
_cSNK
_erda
041 1 _aslo
_hspa
044 _axo
_cSK
072 7 _a821.134.2-3
_xŠpanielska próza, španielsky písaná
_2konspekt
080 _a821.134.2-31
_22011
080 _a323.12"1939/1945"
_22011
080 _a(0:82-311.6)
_22011
100 1 _aMonforte, Reyes,
_d1971-
_4aut
_95364
240 1 0 _aPostales del este
_lSlovensky
245 1 0 _aPohľadnice z východu
_cReyes Monforte ; zo španielského originálu Postales del este ... preložila Sofia Tužinská
250 _aVydanie 1.
264 1 _aBratislava
_bTatran
_c2023
300 _a398 strán
_c24 cm
336 _atext
_btxt
_2rdacontent
337 _abez média
_bn
_2rdamedia
338 _azväzok
_bnc
_2rdacarrier
500 _aObsahuje profesijné údaje o autorke na záložke prebalu publikácie
610 1 7 _aOsvienčim (koncentračný tábor)
_2SNKKA
_92168
648 7 _a1939-1945
_2SNKPH
_92019
650 0 7 _aholokaust (1939-1945)
_2SNKPH
_91733
650 0 7 _aHolocaust (1939-1945)
_2SNKPHeng
_91738
655 7 _ašpanielske romány
_2SNKPH
_92865
655 7 _ahistorické romány
_2SNKPH
_91688
655 7 _aSpanish fiction
_2SNKPHeng
_92866
655 7 _aHistorical novels
_2SNKPHeng
_91689
958 _aUP
958 _aLX
958 _aNB